Qualitative marketing research (Record no. 4971)

MARC details
000 -CABECERA
campo de control de longitud fija 03136cam a2200373 a 4500
001 - NÚMERO DE CONTROL
campo de control 10027159
003 - IDENTIFICADOR DEL NÚMERO DE CONTROL
campo de control CaAEU
005 - FECHA Y HORA DE LA ÚLTIMA TRANSACCIÓN
campo de control 20260512145834.0
006 - CÓDIGOS DE INFORMACIÓN DE LONGITUD FIJA--CARACTERÍSTICAS DEL MATERIAL ADICIONAL
campo de control de longitud fija m o d
007 - CAMPO FIJO DE DESCRIPCIÓN FÍSICA--INFORMACIÓN GENERAL
campo de control de longitud fija cr cnu---unuuu
008 - DATOS DE LONGITUD FIJA--INFORMACIÓN GENERAL
campo de control de longitud fija 130610s2001 enka ob 001 0 eng d
015 ## - NÚMERO DE BIBLIOGRAFÍA NACIONAL
Número de bibliografía nacional GBA1Z7428
Fuente bnb
020 ## - NÚMERO INTERNACIONAL ESTÁNDAR DEL LIBRO
Número Internacional Estándar del Libro 9780761963660
035 ## - NÚMERO DE CONTROL DEL SISTEMA
Número de control de sistema ocn847527103
037 ## - FUENTE DE ADQUISICIÓN
Número de adquisición 9781446205358
Fuente del número de adquisición Ingram Content Group
039 ## - NIVEL DE CONTROL BIBLIOGRÁFICO Y DETALLES DE CODIFICACIÓN [OBSOLETO]
Nivel de reglas en descripción bibliográfica exclude
040 ## - FUENTE DE LA CATALOGACIÓN
Centro catalogador/agencia de origen N$T
Lengua de catalogación eng
Normas de descripción pn
Centro/agencia transcriptor N$T
Centro/agencia modificador E7B
-- SFB
-- OCLCO
-- UIU
-- IDEBK
-- OCLCF
-- OCLCQ
-- COO
-- YDXCP
-- EBLCP
-- IXA
-- OCLCQ
-- AZK
-- AGLDB
-- OCLCQ
-- COCUF
-- CNNOR
-- OCLCQ
-- Z5A
-- MOR
-- CCO
-- PIFAG
-- ZCU
-- VT2
-- MERUC
-- OCLCQ
-- MERER
-- OCLCQ
-- OCLCO
-- OCLCQ
-- RRP
-- SGPBL
-- U3W
-- NLE
-- OCLCO
-- STF
-- WRM
-- NRAMU
-- ICG
-- INT
-- OTZ
-- CEF
-- AU@
-- OCLCO
-- OCLCQ
-- UKMGB
-- OCLCO
-- OCLCQ
-- WYU
-- LVT
-- YOU
-- A6Q
-- DKC
-- OCLCQ
-- UKAHL
-- OL$
-- OCLCA
-- TKN
-- OCLCQ
-- UKCRE
-- AGL
-- BOL
-- LDP
-- ELBRO
-- NLW
-- OCLCQ
-- OCLCO
-- AAA
-- OCLCO
-- AEU
041 ## - CÓDIGO DE LENGUA
Código de lengua del texto/banda sonora o título independiente English
050 #4 - SIGNATURA TOPOGRÁFICA DE LA BIBLIOTECA DEL CONGRESO
Número de clasificación HF5415.2
Número de documento/Ítem .Q328 2001eb
245 00 - MENCIÓN DE TÍTULO
Título Qualitative marketing research
Mención de responsabilidad, etc. / David Carson, Audrey Gilmore, Chad Perry & Kjell Gronhaug.
260 ## - PUBLICACIÓN, DISTRIBUCIÓN, ETC.
Lugar de publicación, distribución, etc. London ;
-- Thousand Oaks, Calif. :
Nombre del editor, distribuidor, etc. SAGE,
Fecha de publicación, distribución, etc. 2001.
300 ## - DESCRIPCIÓN FÍSICA
Extensión xii, 239 pages :
Otras características físicas illustrations
504 ## - NOTA DE BIBLIOGRAFÍA, ETC.
Nota de bibliografía, etc. Includes bibliographical references and index.
505 ## - NOTA DE CONTENIDO CON FORMATO
Nota de contenido con formato Part I. SOCIAL SCIENCE RESEARCH AND MARKETING<br/>— Philosophy of Research<br/>— Scope of Research in Marketing<br/>— Design of a Research Problem<br/>— Academic, Business and Practitioner Research<br/><br/>Part II. QUALITATIVE RESEARCH METHODOLOGIES<br/>— Justification of a Qualitative Research Methodology<br/>— In-depth Interviewing<br/>— Case-based Research<br/>— Focus Group Interviewing<br/>— Observation Studies<br/>— Ethnography and Grounded Theory<br/>— Action Research and Action Learning<br/><br/>Part III. APPLICATIONS AND OUTCOMES OF QUALITATIVE RESEARCH<br/>— Organizing, Processing and Visualizing Data<br/>— Writing Qualitative Research Reports<br/>— Integrative Multiple Mixes of Methodologies<br/>— Qualitative Research: Future Evolution.
520 8# - SUMARIO, ETC.
Sumario, etc. As the importance of marketing to business grows, and as new concepts and applications of marketing emerge and evolve, so too does the need for up-to-date market intelligence. This book recognizes that the contribution which qualitative research can make to market understanding and insight is immense, and that statistical information flows are never enough but need to be compounded by market intelligence gained through qualitative methods. Qualitative Marketing Research clearly explains the use and importance of qualitative methods, clarifying the theories behind the methodology and providing concrete examples and exercises which illustrate its application to Management Studies and Marketing. This book is intended for all students of marketing who are required to complete their studies with a dissertation or research project.
588 0# - NOTA DE FUENTE DE LA DESCRIPCIÓN
Nota de fuente de la descripción Print version record.
650 #0 - PUNTO DE ACCESO ADICIONAL DE MATERIA--TÉRMINO DE MATERIA
Término de materia o nombre geográfico como elemento de entrada Qualitative research
9 (RLIN) 5949
650 #0 - PUNTO DE ACCESO ADICIONAL DE MATERIA--TÉRMINO DE MATERIA
Término de materia o nombre geográfico como elemento de entrada Marketing research
9 (RLIN) 1465
700 ## - ENTRADA AGREGADA--NOMBRE PERSONAL
Nombre de persona Carson, David,
Fechas asociadas al nombre 1947-
Término indicativo de función/relación author.
700 ## - ENTRADA AGREGADA--NOMBRE PERSONAL
Nombre de persona Gilmore, Audrey,
Término indicativo de función/relación author.
9 (RLIN) 25933
700 ## - ENTRADA AGREGADA--NOMBRE PERSONAL
Nombre de persona Perry, Chad,
Término indicativo de función/relación author.
9 (RLIN) 25934
700 ## - ENTRADA AGREGADA--NOMBRE PERSONAL
Nombre de persona Grønhaug, Kjell,
Término indicativo de función/relación author.
9 (RLIN) 25935
942 ## - ELEMENTOS DE ENTRADA AGREGADA (KOHA)
Fuente del sistema de clasificación o colocación Clasificación de Library of Congress
Holdings
Estado de retiro Estado de pérdida Fuente del sistema de clasificación o colocación Estado dañado No para préstamo Biblioteca de origen Biblioteca actual Fecha de adquisición Total de préstamos Signatura topográfica completa Código de barras Fecha visto por última vez Número de copia Precio válido a partir de Tipo de ítem Koha
    Clasificación de Library of Congress     TBS Barcelona TBS Barcelona 19/09/2025   HF5415.2 CAR B05636 19/09/2025 1 19/09/2025 Book
    Clasificación de Library of Congress     TBS Barcelona TBS Barcelona 09/01/2026   HF5415.2 CAR B05604 09/01/2026 2 09/01/2026 Book

Powered by Koha